000 00730nam a2200229 a 4500
008
020 _a0751738204 (pbk. )
049 _aMAIN
090 _aHF5657.4 CHA
100 1 _aChartered Institute of Management Accountants
245 1 0 _aManagement accounting :
_binformation strategy.
_nFinal paper 14 /
_cCIMA.
260 _aLondon :
_bCIMA Publishing,
_c2002.
300 _a2nd ed.
300 _axxii, 206 p. ;
_c30 cm.
610 _a Chartered Institute of Management Accountants
_xExams
_vStudy text.
650 1 _aManagement Accounting.
907 _a.b10234160
_b04-05-07
_c21-02-07
003
005 20230123134408.0
040 _cNUST
942 _cBOOKS
_kHF5657.4 CHA
999 _c165172
_d165172